| 000 | 03317nam a2200445 a 4500 | ||
|---|---|---|---|
| 003 | CHAP | ||
| 005 | 20240920134955.0 | ||
| 007 | cr ||||||a|c|a | ||
| 008 | 101105s2010 mx r 00010 spa d | ||
| 035 | _a111334 | ||
| 040 | _cCHAP | ||
| 090 | _aTesis | ||
| 100 | 1 |
_aPérez Figueroa, Sara Elizabeth. _989654 |
|
| 245 | 1 | 0 |
_aDeterminación del desempeño de los anclajes de cinturones de seguridad montados a los acientos de tractores agrícolas _c/por Sara Elizabeth Pérez Figueroa; director de tesis Luciano Pérez Sobrevilla. |
| 264 | 1 |
_aChapingo, Méx. : _bEl autor, _c2010. |
|
| 300 |
_a1 recurso en línea (95 páginas): _bfiguras, tablas. |
||
| 336 |
_2rdacontent _atexto _btxt |
||
| 337 |
_2rdamedia _acomputadora _bc |
||
| 338 |
_2rdacarrier _arecursos en línea _bcr |
||
| 502 |
_bIMAg _cMecánica _d2010. |
||
| 520 | _aEl tractor es una de las máquinas de más empleadas por los agricultores, por lo tanto, es fundamental identificar los riesgos que se pueden derivar del manejo de los mismos y además implementar medidas de prevención mediante dispositivos de seguridad. El cinturón de seguridad es un dispositivo muy importante cuando se habla de la seguridad de los operadores de tractores agrícolas. Conocer el desempeño de estos dispositivos es de suma importancia ya que no basta con que se encuentre presente, sino que además hay que asegurarse que realice correctamente la función para el que fue diseñado. En este sentido, a partir de 2008, el código 4 de la OECD establece los requerimientos para la evaluación de los anclajes de los cinturones de seguridad que se encuentran montados en los asientos de tractores agrícolas. Por lo anterior, el objetivo de este trabajo fue determinar el desempeño de los anclajes de los cinturones de seguridad con base a lo establecido en el código 4 de la OECD, todo esto como parte del proceso de evaluación del desempeño de estos dispositivos. Aquí se describe la metodología para la medición de los parámetros requeridos, el equipo para su aplicación, control y monitoreo de cargas, los elementos de sujeción del asiento, entre otros. También se muestran los resultados obtenidos en 4 asientos de diferentes marcas con la finalidad de validar la metodología propuesta. La determinación del desempeño de estos elementos es muy importante ya que, éste coadyuva a garantizar la seguridad del operador de tractores agrícolas al momento que suceda una volcadura. | ||
| 590 |
_aALEPH _b10 _c20130110 |
||
| 590 |
_aBATCH-UPD _b10 _c20130110 |
||
| 590 |
_aBATCH-UPD _b10 _c20130410 |
||
| 590 |
_aBATCH-UPD _b10 _c20130914 |
||
| 590 |
_aBATCH-UPD _b10 _c20140324 |
||
| 590 |
_aBATCH-UPD _b10 _c20141002 |
||
| 590 |
_aCONVERSION _b10 _c20130109 |
||
| 650 | 1 | 4 |
_aMaquinaria agrícola _xMedidas de seguridad. _971183 |
| 650 | 1 | 4 |
_aRiesgos. _997403 |
| 650 | 1 | 4 |
_aTractores _xMedidas de seguridad. _9114583 |
| 700 | 0 |
_aPérez Sobrevilla, Luciano _990042 _eDirector de tesis. |
|
| 856 |
_uhttp://10.13.5.2/tesis/111334.pdf _zDESCARGAR PDF |
||
| 901 | _aBK | ||
| 942 |
_cTD _2Clasificación de la Universidad Autónoma Chapingo |
||
| 949 |
_atesis _bBC _cTES _d33724002213488 _eTS2 _fc.2 _gDonaciØn _h51346 _i111334 _sb |
||
| 949 |
_aTesis _bBC _cTES _d33724002213520 _eTS1 _gDonaciØn _h51345 _i111334 _sb |
||
| 999 |
_c99676 _d99676 |
||